| 000 | 01202nam a2200229Ia 4500 | ||
|---|---|---|---|
| 003 | Ost | ||
| 005 | 20260507075351.0 | ||
| 008 | 260507s9999||||xx |||||||||||||| ||und|| | ||
| 020 | _a8132499759 | ||
| 040 | _cfsecg | ||
| 041 | _aara | ||
| 082 | _a330 | ||
| 100 |
_aالنسور، إياد عبد الفتاح _eمؤلف |
||
| 245 | 0 |
_aأساسيات الاقتصاد الكلي / _c إياد عبد الفتاح النسور |
|
| 260 |
_aعمان: _bدار صفاء للنشر والتوزيع, _c2013 |
||
| 300 |
_a328 صفحة؛ _bإيضاحات ؛ _c24 سم |
||
| 520 | _aمفاهيم عامة في النظرية الإقتصادية- النظريات الإقتصادية- تطور صناعة النقود- مدخل الى صناعة البنوك- تطور البنوك المركزية- دور الدولة في النشاط الإقتصادي- الدورات الإقتصادية- التضخم الإقتصادي- البطالة والفقر- التخطيط الإقتصادي- التنمية الإقتصادية- الفساد الإقتصادي | ||
| 653 | _aالإقتصاد | ||
| 653 | _aالإقتصاد الكلي | ||
| 653 | _aالإقتصاد- نظريات | ||
| 942 | _cكتاب | ||
| 999 |
_c44136 _d44136 |
||